000 00638nam a2200229 i 4500
001 C2-0296856
003 PPAK
005 20180728075153.0
008 090427s2008 my |||| ||||| | may d
020 _a9789836294548
040 _aPPAK
_beng
_cPPAK
_erda
082 0 4 _a499.233
_223
090 0 0 _a499.233
_bKAM
_dR
245 0 0 _aKamus pelajar :
_bbahasa Malaysia
264 1 _aKuala Lumpur :
_bDewan Bahasa dan Pustaka ,
_c2008
300 _axxiv, 925 pages ;
_c22 cm
336 _2rdacontent
_atext
337 _2rdamedia
_aunmediated
338 _2rdacarrier
_avolume
650 1 0 _aMalay language - Dictionaries
942 _ddc
_cB
999 _c101276
_d101276